[Event "FRA-ch Blitz Online Qual"]
[Site "Europe Echecs INT"]
[Date "2020.05.16"]
[Round "14"]
[White "Kloss, Alexandre"]
[Black "Nguyen, Theo"]
[Result "1-0"]
[WhiteElo "1577"]
[BlackElo "1309"]
[PlyCount "71"]
[EventDate "2020.05.16"]
[EventType "swiss (blitz)"]
[EventRounds "15"]
[EventCountry "FRA"]
[SourceTitle "CBM 196 Extra"]
[Source "ChessBase"]
[SourceDate "2020.07.31"]
[SourceVersion "1"]
[SourceVersionDate "2020.07.31"]
[SourceQuality "1"]

1. e4 c5 2. Nf3 d6 3. d4 cxd4 4. Nxd4 Nf6 5. Nc3 a6 6. Bg5 e6 7. f4 Be7 8. Qe2 Nc6 9. 0-0-0 Nxd4 10. Rxd4 b5 11. g3 Qb6 12. Rd1 h6 13. Bh4 Bb7 14. Bg2 Rc8 15. e5 dxe5 16. fxe5 Nd5 17. Nxd5 Bxd5 18. Bxd5 Bxh4 19. gxh4 exd5 20. Rxd5 0-0 21. Qg2 Qe6 22. Rg1 g6 23. h5 g5 24. h4 Rxc2+ 25. Kxc2 Qf5+ 26. Kd1 Kh8 27. hxg5 hxg5 28. Rd2 Re8 29. Qxg5 Qf3+ 30. Kc1 Rc8+ 31. Rc2 Rxc2+ 32. Kxc2 Qe2+ 33. Kb1 Qd3+ 34. Ka1 Qh7 35. Qd8+ Qg8 36. Qxg8# 1-0